| 000 | 00806nam a2200241 a 4500 | ||
|---|---|---|---|
| 001 | 000011418 | ||
| 005 | 20250714091948.0 | ||
| 008 | 091016r19701972mx 000 0 spa d | ||
| 040 |
_aDO-SdBNP _bspa _cBNPHU |
||
| 082 |
_a335.4 _bO69p |
||
| 100 | 1 |
_aOriol Anguera, Antonio. _927074 |
|
| 245 | 1 | 0 |
_aPara entender a Marcuse : _bantropología de la juventud / _cAntonio Oriol Anguera. |
| 260 |
_aMéxico : _bEditorial Trillas, _c1970. |
||
| 300 |
_a103 p. : _bil. ; _c23 cm. |
||
| 490 | 1 |
_a¿Que es el hombre? _v1 |
|
| 500 | _aEs una reimpresión de la primera edición en el año 1972 | ||
| 504 | _aIncluye referencias bibliográficas | ||
| 650 | 4 |
_aComunismo _92880 |
|
| 650 | 0 |
_aSocialismo _9287 |
|
| 650 | 4 |
_aJuventud _xSociología _927075 |
|
| 830 | 1 |
_a¿Que es el hombre? ; _v1 _927076 |
|
| 049 | _aBNGR | ||
| 999 |
_c11121 _d11121 |
||